000 00471nam a2200157 a 4500
001 000037657
005 20201002031110.0
008 121024s2009 pr a 000 0 spa d
020 _a9789972233340
040 _aDO-SdBNP
_bspa
_cBNPHU
082 _axxx
_bL979n
100 1 _aLuzard O., David
_964126
245 1 4 _aLos niños índigo :
_bConociendo la corriente /
_cDavid Luzardo O.
260 _aLima, Perú :
_bEdiciones Mirbet,
_c2009.
300 _a135 p. :
_bil. ;
_c21 cm.
999 _c37147
_d37147